000 00706nam a2200193 i 4500
001 120552
003 ES-MaACL
005 20230906191557.0
007 t|
008 070214m19561957sp r ||||1| spa d
100 1 _aPiulachs Oliva, Pedro (
_d1908-1976)
_992436
245 1 0 _aLecciones de Patología quirúrgica /
_cP. Piulachs.
250 _a2ª ed. considerablemente ampl. y puesta al día.
260 _aBarcelona :
_bVergara,
_c1956-57.
300 _a2 t. en 4 v. ;
_c25 cm.
505 8 _aContiene: t. I: Generalidades [3 v.] --- t. II: Afecciones de las extremidades. Primera parte: fracturas y luxaciones
650 4 _aPatología quirúrgica.
_9136666
852 _aES-MaACL
_jE-4712-15
_bR.40157
999 _c120552
_d120552